| 000 | 00665nam a2200229Ia 4500 | ||
|---|---|---|---|
| 008 | 160319s9999 xx 000 0 und d | ||
| 020 | _a971-30-1180-5 | ||
| 050 | _aFIL TX 911.3 | ||
| 050 | _b.S3F66 2001 c.1 | ||
| 245 | _aFood safety and sanitation : | ||
| 245 | _bfor Philippines consumers / | ||
| 245 | _cVirginia S. Claudio… [et al] | ||
| 260 | _aManila: | ||
| 260 | _bMerriam and Webster Bookstore, Inc., | ||
| 260 | _c2001 | ||
| 300 | _aI-6 pages : | ||
| 300 | _billustrations ; | ||
| 300 | _c25 cm. | ||
| 650 | _aFood handling -- Safety measures. | ||
| 650 | _aFood service -- Sanitation. | ||
| 650 | _xFood service -- Safety measures. | ||
| 999 |
_c291598 _d291598 |
||